00482nam a2200193Ia 4500003000400000005001700004008004100021020001800062040000700080041000800087082001800095100001800113245005800131260003600189300001500225365001300240650000800253650002700261OSt20230331162458.0210423s2009 xx 000 0 und d a9788178299266 cAL aeng a343.0745 SINK aSINGH (Katar) aRural development: principles policies and management aLondonbSage Publicationsc2009 axx,348bPB b395cINR aLaw aMilitary Tax Trade Law